Fundamentals of electrical drives
Guardado en:
| Autor principal: | |
|---|---|
| Formato: | Libro |
| Lenguaje: | inglés |
| Publicado: |
Nueva Delhi
Narosa Publishing House
2001
|
| Edición: | 2a. ed |
| Materias: | |
| Etiquetas: |
Agregar Etiqueta
Sin Etiquetas, Sea el primero en etiquetar este registro!
|
MARC
| LEADER | 00000cam a2200000 a 4500 | ||
|---|---|---|---|
| 001 | UCC4088 | ||
| 003 | CL-VaPUC | ||
| 008 | 180706e20010000ii |||||||||||||||||eng|d | ||
| 020 | |a 9788173194283 | ||
| 082 | 0 | 4 | |a 621.381 |b DUB |2 21 |
| 100 | 0 | |a Dubey, Gopal K |e author |9 598232 | |
| 245 | 1 | 0 | |a Fundamentals of electrical drives |
| 250 | |a 2a. ed | ||
| 300 | |a 392 p | ||
| 942 | |c BK | ||
| 945 | |d 20180706 14:40:00 |a dcastane | ||
| 260 | |a Nueva Delhi |b Narosa Publishing House |c 2001 | ||
| 650 | 7 | |a POTENCIA ELECTRICA |2 CL-VaPUC |9 345463 | |
| 650 | 7 | |a CONTROLADORES ELECTRICOS |2 CL-VaPUC |9 496913 | |
| 650 | 0 | |a Energía eléctrica |9 256678 | |
| 583 | |a last modification |c 20180706 14:40:00 |k Rodrigo Vera | ||
| 999 | |c 371691 |d 371689 | ||
| 952 | |0 0 |1 0 |3 erb |4 0 |6 621_381000000000000_DUB_2001 |7 0 |8 A |9 488796 |a BIBING |b BIBING |i 5479711 |o 621.381 DUB 2001 |p 5479711 |r 2025-01-20 |w 2019-11-24 |y BK |z Catalogado en:20180706 |k EIE | ||
| 952 | |0 0 |1 0 |3 erb |4 0 |6 621_381000000000000_DUB_2001 |7 0 |8 A |9 488797 |a BIBING |b BIBING |i 5479703 |l 1 |o 621.381 DUB 2001 |p 5479703 |r 2025-04-30 |s 2025-04-23 |w 2019-11-24 |y BK |z Catalogado en:20180706 |k EIE | ||
| 952 | |0 0 |1 0 |3 erb |4 0 |6 621_381000000000000_DUB_2001 |7 0 |8 A |9 488798 |a BIBING |b BIBING |i 547969K |l 3 |m 2 |o 621.381 DUB 2001 |p 547969K |r 2025-01-20 |s 2023-11-07 |w 2019-11-24 |y BK |z Catalogado en:20180706 |k EIE | ||
| 952 | |0 0 |1 0 |3 erb |4 0 |6 621_381000000000000_DUB_2001 |7 0 |8 A |9 488799 |a BIBING |b BIBING |i 5479681 |l 2 |o 621.381 DUB 2001 |p 5479681 |r 2025-01-20 |s 2022-08-30 |w 2019-11-24 |y BK |z Catalogado en:20180706 |k EIE | ||
| 952 | |0 0 |1 0 |3 erb |4 0 |6 621_381000000000000_DUB_2001 |7 0 |8 A |9 488800 |a BIBING |b BIBING |i 5479673 |o 621.381 DUB 2001 |p 5479673 |r 2025-01-20 |w 2019-11-24 |y BK |z Catalogado en:20180706 |k EIE | ||